Zakatnye ony dni--T︠S︡vetaeva i Parnok /

Bibliographic Details
Main Author: Poli͡akova, S. V.
Format: Book
Language:Russian
Published: Ann Arbor, Mich. : Ardis, [1983]
Subjects:

MARC

Tag First Indicator Second Indicator Subfields
LEADER 00000cam a2200000 a 4500
001 in00000030999
005 20151007054926.0
008 820826s1983 miuach b 00010 ruso
010 |a  82016379  
020 |a 0882338307 :  |c $14.50 
020 |a 0882338315 :  |c (pbk.) $5.00 
035 |a (OCoLC)08764151 
035 |9 AAB6672AM 
040 |a DLC  |c DLC  |d m/c  |d TXA  |d UtOrBLW 
049 |a TXAM  |c [A11535706] 
050 0 0 |a PG3476.T75  |b Z83 1983 
082 0 |a 891.71/42  |2 19 
100 1 |a Poli͡akova, S. V. 
245 1 0 |a Zakatnye ony dni--T︠S︡vetaeva i Parnok /  |c S. Poli︠a︡kova. 
264 1 |a Ann Arbor, Mich. :  |b Ardis,  |c [1983] 
264 4 |c ©1983 
300 |a 128 pages :  |b illustrations, facsimiles, portraits ;  |c 21 cm. 
336 |a text  |b txt  |2 rdacontent 
337 |a unmediated  |b n  |2 rdamedia 
338 |a volume  |b nc  |2 rdacarrier 
504 |a Includes bibliographical references. 
600 1 0 |a T︠S︡vetaeva, Marina,  |d 1892-1941  |x Criticism and interpretation. 
600 1 0 |a T︠S︡vetaeva, Marina,  |d 1892-1941  |x Relations with women  |x Sofii︠a︡ Parnok. 
600 1 0 |a Parnok, Sofii︠a︡. 
999 |a MARS 
999 f f |s 9522906f-2bc7-3757-9568-ea3e15be930d  |i ae3f8cbb-6435-3d37-b637-9073eb79bedb  |t 0 
952 f f |p ric  |a Texas A&M University  |b Rellis Campus  |c Joint Library Facility  |s JLF  |d Remote Storage  |t 0  |e PG3476.T75 Z83 1983  |h Library of Congress classification  |i unmediated -- volume  |m A14811535706 
998 f f |a PG3476.T75 Z83 1983  |t 0  |l Remote Storage